Pokédex d'Isolarmure - Statistiques

Statistiques générales
  • Ce quiz a été pris 38 fois
  • Le résultat moyen est 121 sur 211
Statistiques - réponses
Numéro Nom % Correct
002 Flagadoss
100%
001 Ramoloss
100%
003 Roigada
100%
100 Wushours
100%
039 Krabboss
88%
038 Krabby
88%
101 Shifours
88%
190 Wailmer
88%
191 Wailord
88%
031 Abra
75%
033 Alakazam
75%
133 Bacabouh
75%
081 Bouldeneu
75%
068 Bulbizarre
75%
072 Carabaffe
75%
071 Carapuce
75%
111 Carvanha
75%
119 Cizayox
75%
055 Coudlangue
75%
178 Crocorible
75%
177 Escroco
75%
054 Excelangue
75%
070 Florizarre
75%
013 Grodoudou
75%
079 Guérilande
75%
069 Herbizarre
75%
118 Insécateur
75%
032 Kadabra
75%
163 Kungfouine
75%
004 Laporeille
75%
008 Leuphorie
75%
007 Leveinard
75%
005 Lockpin
75%
176 Mascaïman
75%
084 Pichu
75%
085 Pikachu
75%
208 Porygon
75%
209 Porygon 2
75%
210 Porygon Z
75%
006 Ptiravi
75%
142 Ptitard
75%
086 Raichu
75%
185 Rhinastoc
75%
183 Rhinocorne
75%
184 Rhinoféros
75%
012 Rondoudou
75%
009 Rongourmand
75%
010 Rongrigou
75%
080 Saquedeneu
75%
164 Shaofouine
75%
112 Sharpedo
75%
145 Tarpaud
75%
144 Tartard
75%
143 Têtarte
75%
073 Tortank
75%
011 Toudoudou
75%
134 Trépassable
75%
153 Airmure
63%
147 Akwakwak
63%
204 Apireine
63%
203 Apitrini
63%
162 Baggaïd
63%
161 Baggiguane
63%
049 Bekipan
63%
023 Braisillon
63%
201 Chlorobule
63%
083 Coatox
63%
092 Colhomard
63%
082 Cradopaud
63%
063 Drakkarmin
63%
051 Drascore
63%
091 Écrapince
63%
024 Flambusard
63%
196 Flingouste
63%
202 Fragilady
63%
053 Frison
63%
197 Gamblast
63%
048 Goélise
63%
199 Hypocéan
63%
200 Hyporoi
63%
198 Hypotrempe
63%
130 Krakos
63%
195 Kravarech
63%
043 Léviator
63%
025 Lixy
63%
158 Lougaroc
63%
026 Luxio
63%
027 Luxray
63%
042 Magicarpe
63%
206 Noadkoko
63%
205 Noeunoeuf
63%
045 Octillery
63%
171 Ossatueur
63%
170 Osselait
63%
022 Passerouge
63%
129 Poulpaf
63%
146 Psykokwak
63%
187 Pyrax
63%
186 Pyronille
63%
050 Rapion
63%
044 Rémoraid
63%
157 Rocabot
63%
168 Sabelette
63%
169 Sablaireau
63%
120 Scarabrute
63%
121 Scarhino
63%
098 Stari
63%
099 Staross
63%
040 Tentacool
63%
041 Tentacruel
63%
194 Venalgue
63%
211 Zarude
63%
058 Axoloto
50%
046 Babimanta
50%
135 Baudrive
50%
165 Bébécaille
50%
150 Brouhabam
50%
076 Brutapode
50%
066 Carabing
50%
173 Chartor
50%
148 Chuchmur
50%
061 Colimucus
50%
132 Crustabri
50%
047 Démanta
50%
175 Dunaconda
50%
174 Dunaja
50%
166 Écaïd
50%
167 Ékaïser
50%
096 Embrochet
50%
102 Emolga
50%
064 Escargaume
50%
078 Gaulet
50%
155 Géolithe
50%
156 Gigalithe
50%
136 Grodrive
50%
097 Hastacuda
50%
172 Kangourex
50%
056 Khélocrok
50%
131 Kokiyas
50%
067 Lançargot
50%
189 Lanturn
50%
065 Limaspeed
50%
188 Loupio
50%
105 Magnéti
50%
106 Magnéton
50%
107 Magnézone
50%
059 Maraiste
50%
115 Mastouffe
50%
207 Métamorph
50%
060 Mucuscule
50%
062 Muplodocus
50%
093 Nigosier
50%
154 Nodulithe
50%
094 Poissirène
50%
095 Poissoroy
50%
114 Ponchien
50%
113 Ponchiot
50%
149 Ramboum
50%
125 Sarmurai
50%
075 Scobolide
50%
108 Sepiatop
50%
109 Sepiatroce
50%
124 Sovkipou
50%
116 Tauros
50%
057 Torgamord
50%
077 Trompignon
50%
028 Trousselin
50%
074 Venipatte
50%
126 Wattapik
50%
138 Barbicha
38%
137 Barloche
38%
151 Chovsourir
38%
123 Crabaraque
38%
122 Crabicoque
38%
021 Dratatin
38%
117 Écrémeuh
38%
018 Floramantis
38%
110 Froussardine
38%
179 Furaiglon
38%
037 Gallame
38%
036 Gardevoir
38%
180 Gueriaigle
38%
035 Kirlia
38%
160 Malamandre
38%
017 Mimantis
38%
020 Pomdrapi
38%
128 Prédastérie
38%
152 Rhinolove
38%
029 Scalpion
38%
030 Scalproie
38%
034 Tarsal
38%
159 Tritox
38%
182 Vaututrice
38%
019 Verpom
38%
127 Vorastérie
38%
181 Vostourno
38%
088 Zoroark
38%
087 Zorua
38%
016 Astronelle
25%
141 Azumarill
25%
139 Azurill
25%
015 Coléodôme
25%
103 Dedenne
25%
089 Gouroutan
25%
014 Larvadar
25%
140 Marill
25%
104 Morpeko
25%
193 Moyade
25%
090 Quartermac
25%
192 Viskuse
25%
052 Insolourdo
13%
Aucun quiz correspondant
Distribution des résultats
% des personnes avec chaque résultat
Percentile par nombre de réponses
Votre historique - résultats
Vous n’avez pas pris ce quiz